Durūs fī al-ishtirākīyah al-ʻArabīyah (Record no. 49413)

MARC details
000 -LEADER
fixed length control field 00736cam a22002531 4500
001 - CONTROL NUMBER
control field ne 67000363
003 - CONTROL NUMBER IDENTIFIER
control field DLC
005 - DATE AND TIME OF LATEST TRANSACTION
control field 20260227111829.0
008 - FIXED-LENGTH DATA ELEMENTS--GENERAL INFORMATION
fixed length control field 840111s1966 ua 000 0 arar
010 ## - LIBRARY OF CONGRESS CONTROL NUMBER
LC control number ne 67000363
035 ## - SYSTEM CONTROL NUMBER
System control number (OCoLC)10289826
040 ## - CATALOGING SOURCE
Original cataloging agency DLC
Transcribing agency TxU
Modifying agency DLC
042 ## - AUTHENTICATION CODE
Authentication code premarc
050 00 - LIBRARY OF CONGRESS CALL NUMBER
Classification number HX550.I8
Item number B37
100 1# - MAIN ENTRY--PERSONAL NAME
Personal name Bārūdī, ʻAlī.
245 10 - TITLE STATEMENT
Title Durūs fī al-ishtirākīyah al-ʻArabīyah
Statement of responsibility, etc. [taʼlīf] ʻAlī al-Bārūdī.
250 ## - EDITION STATEMENT
Edition statement al-Ṭabʻah 1.
260 ## - PUBLICATION, DISTRIBUTION, ETC.
Place of publication, distribution, etc. al-Iskandarīyah,
Name of publisher, distributor, etc. Munshaʼat al-Maʻārif,
Date of publication, distribution, etc. 1966.
300 ## - PHYSICAL DESCRIPTION
Extent 352 p.
Dimensions 24 cm.
490 0# - SERIES STATEMENT
Series statement Dirāsāt siyāsīyah qawmīyah
504 ## - BIBLIOGRAPHY, ETC. NOTE
Bibliography, etc. note Bibliographical footnotes.
650 #0 - SUBJECT ADDED ENTRY--TOPICAL TERM
Topical term or geographic name entry element Socialism.
650 #0 - SUBJECT ADDED ENTRY--TOPICAL TERM
Topical term or geographic name entry element Socialism and Islam.

No items available.

Powered by Koha